000 00581nam a2200253Ia 4500
008 210210b2009 xxu||||| |||| 00| 0 eng d
020 _a131968939
041 _aeng
082 _a576 MADB
100 _aMADIGAN (Michael T)
245 _aBrock biology of microbiology Ed 12
250 _a
260 _aSan Francisco
_bPearson
_c2009
300 _axxviii,1061,I-36
650 _aof
650 _amicrobiology
650 _aEd
650 _aBrock
650 _abiology
650 _a12
690 _aMicrobiology
700 _aMARTINKO (John M)
906 _a063787
999 _c138860
_d138860